| 000 | 00595cam a22001691 4500 | ||
|---|---|---|---|
| 001 | 000016359 | ||
| 005 | 20200929164404.0 | ||
| 008 | 790212s1960 mx 000 0 spa | ||
| 040 |
_aDO-SdBNP _bspa _cBNPHU |
||
| 100 | 1 |
_aOlmedo, Jose Joaquin de, _d1780-1847. _936481 |
|
| 245 | 0 | 0 |
_aEpistolario. / _c[Prólogo y seleccion de Aurelio Espinosa Polit]. |
| 260 |
_aPuebla, México, : _bJ. M. Cajica, Jr., _c[1960]. |
||
| 300 |
_a619 p. ; _c22 cm. |
||
| 490 | 0 | _aBiblioteca ecuatoriana minima. La colonia y la republica | |
| 700 | 2 |
_aEspinosa Polit, Aurelio. _936482 |
|
| 910 | _aCatalogación derivada | ||
| 999 |
_c15894 _d15894 |
||